| 000 | 00614nam a2200169Ia 4500 | ||
|---|---|---|---|
| 008 | 110201s9999 xx 000 0 und d | ||
| 082 |
_bB7286 _aBAL 1934 |
||
| 100 | _aगंगा खेडकर श्रीनिवास | ||
| 245 | _aगोड झाले पारणे | ||
| 260 | _bऋतु प्रकाशन | ||
| 365 | _b60 | ||
| 600 | _aगंगा खेडकर श्रीनिवास | ||
| 630 | _aगोड झाले पारणे | ||
| 700 | _aगंगा खेडकर श्रीनिवास | ||
| 730 | _aगोड झाले पारणे | ||
| 942 | _cBOOK | ||
| 999 |
_c832827 _d832824 |
||